| 000 | 00589cam a2200229 4500 | ||
|---|---|---|---|
| 001 | B2205 | ||
| 008 | 090401t1989 xxu||||| |||| 00| 0 eng d | ||
| 035 | _a(Sirsi) u48719 | ||
| 041 | _aeng | ||
| 050 | _a333.330971 | ||
| 110 |
_aCanadian Building _92858 |
||
| 245 | _aREDA directory 1990 real estate development annual | ||
| 260 |
_aToronto _bMaclean Hunter Limited _c1989 |
||
| 300 | _a112p. : ill. ; 28cm. | ||
| 350 | _a30 | ||
| 650 | _aCANADA | ||
| 650 | _aDIRECTORIES | ||
| 650 | _aPROPERTY COMPANIES | ||
| 650 | _aPROPERTY DEVELOPMENT | ||
| 942 | _n0 | ||
| 948 | _c04/03/1997 | ||
| 999 |
_c92395 _d92395 |
||